000 00454nam a22001577a 4500
005 20230119121415.0
008 190917b xxu||||| |||| 00| 0 eng d
020 _a978-93-85915-80-2
041 _aeng
100 _aRAJASEKARAN, V.N.
_95123
245 _aDIPLOMA IN PHARMACY PHARMACEUTICAL CHEMISTRY - I : theory and practical
260 _aNEW DELHI
_bC.B.S PUBLICATION PVT.LTD
300 _a266p,
650 _aPHARMACY
_xD.PHARMA
_97090
942 _cBK
999 _c6004
_d6002